| Tag |
First Indicator |
Second Indicator |
Subfields |
| LEADER |
00000cam a2200000 a 4500 |
| 001 |
in00000103485 |
| 005 |
20150929180436.0 |
| 008 |
780804s1978 iaub a 000 0 eng d |
| 035 |
|
|
|a (OCoLC)04110894
|
| 035 |
|
|
|9 AAN2708AM
|
| 040 |
|
|
|a GUA
|c GUA
|d OCL
|d AGL
|d TXA
|d UtOrBLW
|
| 049 |
|
|
|a TXAI
|
| 070 |
0 |
|
|a 281.9
|b Io93 no.77
|
| 090 |
|
|
|a HD9035
|b .K60
|
| 099 |
|
|
|a film S
|a 1044 no.77
|
| 100 |
1 |
|
|a Koo, Won W.
|
| 245 |
1 |
2 |
|a A study of the interaction of weather with alternative environmental and grain reserve policies /
|c by Won Koo, William G. Boggess, Earl O. Heady.
|
| 264 |
|
1 |
|a Ames, Iowa :
|b Center for Agricultural and Rural Development, Iowa State University,
|c 1978.
|
| 300 |
|
|
|a vii, 88 pages :
|b maps ;
|c 28 cm.
|
| 336 |
|
|
|a text
|b txt
|2 rdacontent
|
| 337 |
|
|
|a microform
|b h
|2 rdamedia
|
| 338 |
|
|
|a microfilm reel
|b hd
|2 rdacarrier
|
| 490 |
1 |
|
|a CARD report ;
|v 77
|
| 500 |
|
|
|a In cooperation with NRED of the Economic Research Service, U.S. Dept. of Agriculture.
|
| 500 |
|
|
|a February 1978.
|
| 504 |
|
|
|a Bibliography: pages 85-87.
|
| 500 |
|
|
|a Microform.
|
| 650 |
|
0 |
|a Grain trade
|z United States
|x Mathematical models.
|
| 650 |
|
0 |
|a Crops and climate
|z United States
|x Mathematical models.
|
| 650 |
|
0 |
|a Agricultural productivity
|z United States
|x Mathematical models.
|
| 700 |
1 |
|
|a Boggess, William G.
|
| 700 |
1 |
|
|a Heady, Earl O.
|q (Earl Orel),
|d 1916-1986.
|
| 830 |
|
0 |
|a CARD report ;
|v 77.
|
| 999 |
|
|
|a MARS
|
| 999 |
f |
f |
|s c6592eec-df92-3fca-807a-4b945a1811bf
|i 8b8f23f3-50f6-319b-9efb-7fe481229b2c
|t 0
|
| 952 |
f |
f |
|p default
|a Texas A&M University
|b College Station
|c Sterling C. Evans Library
|d Evans: Microforms (3rd floor)
|t 0
|e film S 1044 no.77
|h Other scheme
|i microform -- microfilm reel
|
| 952 |
f |
f |
|p ric
|a Texas A&M University
|b Rellis Campus
|c Joint Library Facility
|d Remote Storage
|t 0
|e HD9035 K6
|h Library of Congress classification
|i microform -- microfilm reel
|m A14806276630
|
| 998 |
f |
f |
|a HD9035 K6
|t 0
|l Remote Storage
|
| 998 |
f |
f |
|a film S 1044 no.77
|t 0
|l Evans: Microforms (3rd floor)
|